Primera lección de estadística /
Guardado en:
| Autor Principal: | |
|---|---|
| Formato: | Libro |
| Publicado: |
Bahia Blanca :
Universidad del Sur,
1960
|
| Materias: | |
| Etiquetas: |
Agregar Etiqueta
Sin Etiquetas, Sea el primero en etiquetar este registro!
|
| LEADER | 00470nam a22001575a 4500 | ||
|---|---|---|---|
| 001 | CEM.cems015807 | ||
| 008 | 130507s1960##################000#0#####d | ||
| 005 | 20210811200053.0 | ||
| 003 | CEMS | ||
| 245 | 1 | 0 | |a Primera lección de estadística / |c Eduardo H Del Busto, |
| 260 | |a Bahia Blanca : |b Universidad del Sur, |c 1960 | ||
| 300 | |a 18 p. | ||
| 100 | 1 | |a Del Busto, Eduardo H | |
| 082 | 0 | 4 | |a 310.9 |
| 653 | |a Estadística | ||
| 859 | |a CEMS |b BIB. CEMS - Agricultura |h 310.9 |i D376 |p A12751.83 |t Ej.1 | ||
